<?xml version="1.0" encoding="UTF-8"?>
<record
    xmlns:xsi="http://www.w3.org/2001/XMLSchema-instance"
    xsi:schemaLocation="http://www.loc.gov/MARC21/slim http://www.loc.gov/standards/marcxml/schema/MARC21slim.xsd"
    xmlns="http://www.loc.gov/MARC21/slim">

  <leader>00673nam a22001937a 4500</leader>
  <controlfield tag="005">20231102151835.0</controlfield>
  <controlfield tag="008">150630t2006    mx a|||f |||| 00| 0 spa d</controlfield>
  <datafield tag="040" ind1=" " ind2=" ">
    <subfield code="e">RDA</subfield>
  </datafield>
  <datafield tag="050" ind1=" " ind2=" ">
    <subfield code="a">LC1200 P45 2006</subfield>
  </datafield>
  <datafield tag="245" ind1="1" ind2="0">
    <subfield code="a">La intervenci&#xF3;n en educaci&#xF3;n especial</subfield>
    <subfield code="b">:Prpestas desde la pr&#xE1;ctica</subfield>
  </datafield>
  <datafield tag="260" ind1=" " ind2=" ">
    <subfield code="a">M&#xE9;xico</subfield>
    <subfield code="b">:CCS</subfield>
    <subfield code="c">2006</subfield>
  </datafield>
  <datafield tag="300" ind1=" " ind2=" ">
    <subfield code="a">559 p&#xE1;ginas</subfield>
  </datafield>
  <datafield tag="337" ind1=" " ind2=" ">
    <subfield code="a">texto</subfield>
  </datafield>
  <datafield tag="338" ind1=" " ind2=" ">
    <subfield code="a">sin medio</subfield>
  </datafield>
  <datafield tag="339" ind1=" " ind2=" ">
    <subfield code="a">volumen</subfield>
  </datafield>
  <datafield tag="500" ind1=" " ind2=" ">
    <subfield code="a">Educacion mixta
Licenciatura en Psicolog&#xED;a / P14/ 14 001484
Educacion mixta
Licenciatura en Pedagog&#xED;a / P07/ 14 001547
Educacion mixta
Licenciatura en Psicolog&#xED;a / P06/ 14 001548
</subfield>
  </datafield>
  <datafield tag="650" ind1="1" ind2="0">
    <subfield code="a">EDUCACI&#xD3;N ESPECIAL</subfield>
  </datafield>
  <datafield tag="942" ind1=" " ind2=" ">
    <subfield code="2">lcc</subfield>
    <subfield code="c">HMAN</subfield>
  </datafield>
  <datafield tag="952" ind1=" " ind2=" ">
    <subfield code="0">0</subfield>
    <subfield code="1">0</subfield>
    <subfield code="2">lcc</subfield>
    <subfield code="4">0</subfield>
    <subfield code="7">0</subfield>
    <subfield code="a">14</subfield>
    <subfield code="b">14</subfield>
    <subfield code="d">2015-05-04</subfield>
    <subfield code="l">5</subfield>
    <subfield code="o">LC1200 P45 2006</subfield>
    <subfield code="p">14 001484</subfield>
    <subfield code="r">2017-08-08</subfield>
    <subfield code="s">2017-08-08</subfield>
    <subfield code="t">1</subfield>
    <subfield code="w">2015-06-30</subfield>
    <subfield code="y">LB</subfield>
  </datafield>
  <datafield tag="952" ind1=" " ind2=" ">
    <subfield code="0">0</subfield>
    <subfield code="1">0</subfield>
    <subfield code="2">lcc</subfield>
    <subfield code="4">0</subfield>
    <subfield code="7">0</subfield>
    <subfield code="a">14</subfield>
    <subfield code="b">14</subfield>
    <subfield code="d">2015-05-04</subfield>
    <subfield code="l">5</subfield>
    <subfield code="o">LC1200 P45 2006</subfield>
    <subfield code="p">14 001547</subfield>
    <subfield code="r">2019-06-04</subfield>
    <subfield code="s">2019-06-04</subfield>
    <subfield code="t">2</subfield>
    <subfield code="w">2015-06-30</subfield>
    <subfield code="y">LB</subfield>
  </datafield>
  <datafield tag="952" ind1=" " ind2=" ">
    <subfield code="0">0</subfield>
    <subfield code="1">0</subfield>
    <subfield code="2">lcc</subfield>
    <subfield code="4">0</subfield>
    <subfield code="7">0</subfield>
    <subfield code="a">14</subfield>
    <subfield code="b">14</subfield>
    <subfield code="d">2015-05-04</subfield>
    <subfield code="l">14</subfield>
    <subfield code="o">LC1200 P45 2006</subfield>
    <subfield code="p">14 001548</subfield>
    <subfield code="r">2024-07-31</subfield>
    <subfield code="s">2024-07-29</subfield>
    <subfield code="t">3</subfield>
    <subfield code="w">2015-06-30</subfield>
    <subfield code="y">LB</subfield>
  </datafield>
  <datafield tag="999" ind1=" " ind2=" ">
    <subfield code="c">97114</subfield>
    <subfield code="d">97114</subfield>
  </datafield>
</record>
